000 00745cam a22001814a 4500
005 20250605163343.0
008 250528s ||||||||||||||||||||||||d
035 _a17461
020 _a9608910498
040 _aGR-AtMCL
_bgre
_dGR-AtMCL
_eAACR2
245 1 _aCezanne / ArtBook
260 _bElecta - Ημερησία,
_c2005
300 _a146
520 _a1839-1870 - Παιδική Ηλικία και τα Χρόνια της Διαπαιδαγώγησης, 1870-1880 - Ο Σεζάν είναι ένας Μπογιατζής, 1880-1890 - Καλλιτεχνική Ωρίμανση, 1890-1906 - Ο Κώνος και ο Κύλινδρος και η Σφαίρα, Ευρετήριο.
942 _cBK
999 _c2877
_d2877